000 00295nam a22001217a 4500
008 230620b xxu||||| |||| 00| 0 eng d
082 _a320.96
_bPER
100 _cMArgery Perham
245 _aAfrican Outline
260 _aLondon
_bOxford university press
_c1966
300 _a78p
942 _2ddc
_cBK
999 _c1710
_d1710